|
|
|
|
| LEADER |
01437nam a2200373Ia 4500 |
| 001 |
EBC555043 |
| 003 |
MiAaPQ |
| 005 |
20200520144314.0 |
| 006 |
m o d | |
| 007 |
cr cn||||||||| |
| 008 |
100427s2010 nju s 001 0 eng d |
| 020 |
|
|
|z 9780470605752 (hbk.)
|
| 020 |
|
|
|z 0470605758 (hbk.)
|
| 020 |
|
|
|z 9786612707810
|
| 035 |
|
|
|a (MiAaPQ)EBC555043
|
| 035 |
|
|
|a (Au-PeEL)EBL555043
|
| 035 |
|
|
|a (CaPaEBR)ebr10411565
|
| 035 |
|
|
|a (CaONFJC)MIL270781
|
| 035 |
|
|
|a (OCoLC)651601967
|
| 040 |
|
|
|a MiAaPQ
|c MiAaPQ
|d MiAaPQ
|
| 050 |
|
4 |
|a HJ4653.A3
|b V37 2010
|
| 100 |
1 |
|
|a Vasavada, Nevandu P.
|
| 245 |
1 |
0 |
|a Taxation of US investment partnerships and hedge funds
|h [electronic resource] :
|b accounting policies, tax allocations and performance presentation /
|c Navendu P. Vasavada.
|
| 260 |
|
|
|a Hoboken, NJ :
|b Wiley,
|c 2010.
|
| 300 |
|
|
|a xiv, 283 p.
|
| 490 |
1 |
|
|a Wiley professional advisory services
|
| 500 |
|
|
|a Includes index.
|
| 533 |
|
|
|a Electronic reproduction. Ann Arbor, MI : ProQuest, 2015. Available via World Wide Web. Access may be limited to ProQuest affiliated libraries.
|
| 650 |
|
0 |
|a Hedge funds
|x Taxation
|z United States.
|
| 650 |
|
0 |
|a Investment clubs
|x Taxation
|z United States.
|
| 655 |
|
4 |
|a Electronic books.
|
| 710 |
2 |
|
|a ProQuest (Firm)
|
| 830 |
|
0 |
|a Wiley professional advisory services.
|
| 856 |
4 |
0 |
|u https://ebookcentral.proquest.com/lib/matrademy/detail.action?docID=555043
|z Click to View
|